| 000 | 00662nam a2200205Ia 4500 | ||
|---|---|---|---|
| 003 | IN-BaIIA | ||
| 008 | 211028s9999 xx 000 0 eng d | ||
| 040 | _cIIA Library | ||
| 080 |
_a083.7:696.121 _bISI |
||
| 110 | _aIndian Standards Institution | ||
| 245 | 0 |
_aIndian standard specification for asbestos cement building pipes, gutters and fittings (spigot and socket type) _cIndian Standards Institution |
|
| 260 |
_aNew Delhi _bIndian Standards Institution _c1961 |
||
| 300 | _a36p. | ||
| 500 | _aIS 1626 : 1960 | ||
| 650 |
_a Building Pipes _98841 |
||
| 650 |
_a Gutters _98842 |
||
| 650 | _a Standards | ||
| 650 | _aNASA Thesaurus | ||
| 942 | _cBK | ||
| 999 |
_c4939 _d4939 |
||